000 01398nam a2200373 c 4500
003 BLK
005 20181024112706.0
008 180411b bul|||||r ||||||| ||bul||
010 _aKNG00184905000
020 _a978-954-2962-28-1
_bиздат.: Апостроф
040 _aBLK
041 _aBUL
_cBUL
072 7 _2bullib
_aН84
_xБългарска художествена литература Н
080 _aБългарска литература
_b821.163.2
_x-4
_z821.163.2-4
700 1 _aИдън Фламинго
_e*
_9340563
100 1 _aEden Flamingo
_eпърви автор
_9340564
700 1 _aМираз, Христина
_eпредг. от
_996677
139 _aИдън Фламинго
_bИ 31
245 1 0 _aЦарица vs пешки
_c* Идън Фламинго; Eden Flamingo; предг. от Христина Мираз.
257 _aBGR
260 София
_bАпостроф
_c2015
_fСофия : Ропринт
300 _a189 с.
_c20 см
380 _aX
500 _aИдън Фламинго е български блог и псевд. на авт.
653 _aесета
653 _aпостинги
653 _aдиалози
659 _aН
852 _aЦб 278188
856 4 _qpdf
_u
856 4 _qpdf
_u
942 _cKNG
_n0
_01
944 _aCR
_c17.11.2015
_lф /
_kВиолета_Тройчева
944 _aED
_c18.02.2016
_lф /
_kЛюдмила_Стоянова
999 _c176300
_d176300